LEADER 00988nam0-22002891i-450- 001 990007522310403321 005 20060405103303.0 035 $a000752231 035 $aFED01000752231 035 $a(Aleph)000752231FED01 035 $a000752231 100 $a20030814d1917----km-y0itay50------ba 101 0 $aita 102 $aIT 105 $ay-------001yy 200 1 $a<>Tevere$emonografia sul corso del fiume e suoi principali affluenti, in corso ed in progetto, alle derivazioni ed a quanto interessa la pratica dell'ingegnere, con una carta corografica del bacino del Tevere ed una planimetria della bonifica reatina intercalata nel testo$fViappiani Antonio 210 $aTorino$cCasanova$d1917 215 $a136 p.$d23 cm 610 0 $aTEVERE 700 1$aViappiani,$bAntonio$07270 801 0$aIT$bUNINA$gRICA$2UNIMARC 901 $aBK 912 $a990007522310403321 952 $aE-06-139$bIst.6678$fILFGE 959 $aILFGE 996 $aTevere$9684141 997 $aUNINA LEADER 01614oam 2200469M 450 001 9910716315903321 005 20200213070631.9 035 $a(CKB)5470000002520980 035 $a(OCoLC)1066028037 035 $a(OCoLC)995470000002520980 035 $a(EXLCZ)995470000002520980 100 $a20071213d1926 ua 0 101 0 $aeng 135 $aurcn||||||||| 181 $ctxt$2rdacontent 182 $cc$2rdamedia 183 $acr$2rdacarrier 200 10$aAppropriation of $ 25,000 from the tribal funds of the Indians of the Quinaielt Reservation, Wash. April 2, 1926. -- Ordered to be printed 210 1$a[Washington, D.C.] :$c[U.S. Government Printing Office],$d1926. 215 $a1 online resource (2 pages) 225 1 $aSenate report / 69th Congress, 1st session. Senate ;$vno. 535 225 1 $a[United States congressional serial set ] ;$v[serial no. 8525] 300 $aBatch processed record: Metadata reviewed, not verified. Some fields updated by batch processes. 300 $aFDLP item number not assigned. 606 $aIndian reservations 606 $aLegislative amendments 606 $aTribal trust funds 606 $aWaterworks 608 $aLegislative materials.$2lcgft 615 0$aIndian reservations. 615 0$aLegislative amendments. 615 0$aTribal trust funds. 615 0$aWaterworks. 701 $aHarreld$b John W$pRepublican (OK)$01386799 801 0$bWYU 801 1$bWYU 801 2$bOCLCO 801 2$bOCLCQ 906 $aBOOK 912 $a9910716315903321 996 $aAppropriation of$93482196 997 $aUNINA